000 00806nam a22001937a 4500
999 _c235871
_d235871
008 201130b ||||| |||| 00| 0 eng d
040 _bger
_cDE-2950
_erda
_aDE-2950
041 _ager
100 _aGutke, Thomas:
245 _aWie die Stadt den Terminstau im Bürgerbüro auflösen will.
_bVerwaltung: Geduld braucht, wer in Frankfurt einen Personalausweis beantragen oder sich ummelden will. Freie Termine gibt es wieder Mitte Oktober /
_cThomas Gutke
264 _c2021
653 _aFrankfurt (Oder)
653 _aStadtverwaltung / Bürgerbüro
773 _dFrankfurt (Oder): Märkisches Verlags- und Druckhaus GmbH & Co KG
_g32. Jahrgang (2021) Nr. 154 vom 06.07.2021, S.13. : Foto
_tMärkische Oderzeitung
942 _cA